|
|
|
|
| LEADER |
01230nam a2200325 a 4500 |
| 001 |
nkc20081816965 |
| 003 |
CZ PrNK |
| 005 |
20081112101034.0 |
| 007 |
ta |
| 008 |
080909s2008 xr g 000 f cze |
| 015 |
|
|
|a cnb001816965
|
| 020 |
|
|
|a 978-80-7055-151-6
|q (Severočeská vědecká knihovna ;
|q brož.)
|z 978-80-7055-1516
|
| 035 |
|
|
|a (OCoLC)259738040
|
| 040 |
|
|
|a ABA001
|b cze
|
| 072 |
|
7 |
|a 821.162.3-3
|x Česká próza
|2 Konspekt
|9 25
|
| 080 |
|
|
|a 821.162.3-31
|2 MRF
|
| 080 |
|
|
|a (0:82-31)
|2 MRF
|
| 100 |
1 |
|
|a Herman, Arnošt,
|d 1932-2020
|7 jk01040836
|4 aut
|
| 245 |
1 |
0 |
|a Pět minut po rozsudku /
|c Arnošt Herman
|
| 260 |
|
|
|a V Ústí nad Labem :
|b Severočeská vědecká knihovna spolu se Severočeským klubem spisovatelů,
|c 2008
|
| 300 |
|
|
|a 198 s. ;
|c 21 cm
|
| 655 |
|
7 |
|a české romány
|7 fd133974
|2 czenas
|
| 655 |
|
9 |
|a Czech fiction
|2 eczenas
|
| 856 |
4 |
1 |
|u http://www.digitalniknihovna.cz/mzk/uuid/uuid:2ee99180-5cb2-11e3-ac69-005056827e51
|y Digitalizovaný dokument
|x NDK
|
| 910 |
2 |
|
|a BOA001
|b 2-1210.931
|
| 928 |
9 |
|
|a Severočeský klub spisovatelů
|
| 990 |
|
|
|a BK
|
| 995 |
|
|
|a 01
|
| 991 |
|
|
|b 200809
|
| 996 |
6 |
|
|b 2610353828
|c 2-1210.931
|l MZK
|r Sklad / do 1 hodiny
|n 0
|p p.v.
|w 000912779
|u 000010
|a 1
|e BOA001
|j MZK50
|s P
|